000 00230 a2200097 4500
001 663
100 _aDean,KJ
245 _aIntroduction to counting Techniques and Transistor circuits
260 _a
_bChapman
_c
090 _c262
_d262
942 _aNUST-CAE
_cM
_c18002
999 _c235736
_d235736